| 000 | 00564cam a22002291 4500 | ||
|---|---|---|---|
| 001 | 9831278 | ||
| 005 | 20171222074651.0 | ||
| 008 | 720731s1960 nyu bd 000 0 eng | ||
| 010 | _a 60016583 | ||
| 035 | _a(OCoLC)369126 | ||
| 040 |
_aDLC _cODaWU _dOCoLC _dDLC |
||
| 041 | _aeng | ||
| 042 | _apremarc | ||
| 080 | _a103 RUN | ||
| 082 | _a103 RUN | ||
| 100 | 1 | _a24 | |
| 101 | _aFIL | ||
| 245 | 1 | 0 | _aDictionary of philosophy. |
| 504 | _aIncludes bibliographical references. | ||
| 906 |
_a7 _bcbc _coclcrpl _du _encip _f19 _gy-gencatlg |
||
| 942 |
_2ddc _cBK |
||
| 999 |
_c39344 _d39344 |
||